000 00836nam a2200241 i 4500
001 bg
100 1 _aKLEIST, Heinrich von
_d(1777-1811)
245 1 0 _aDas Käthchen von Heilbronn oder die Feuerprobe :
_bein grosses historisches Ritterschauspiel /
_cHeinrich von Kleist ; Anm. von Dirk Grathoff.
260 _aStuttgart :
_bPhilipp Reclam,
_c2003.
300 _a127 s. ;
_c15 cm.
490 1 _aUniversal-Bibliothek ;
_vNr 40
650 9 _aDramat niemiecki
_y19 w.
700 1 _aGRATHOFF, Dirk
830 _aUniversal-Bibliothek ;
020 _a3150000408
040 _cBPK
041 0 _ager
080 _a821.112.2-2
920 _a3-15-000040-8
942 _cKS
008 s pl f |000 0 pol
999 _c45946
_d45946
856 _uhttp://koha.tu.koszalin.pl/cgi-bin/koha/opac-detail.pl?biblionumber=45946
_yKatalog online BPK